00626nam a2200181 a 4500008004100000020001800041050001600059100001400075245015200089250001600241260003900257300003200296350001000328650002700338650003100365650002700396700002100423201028s2012 ||||||||||||||||| || u a9781444337167 aRC 86.7 Ini aWood, Ian10aInitial management of acute medical patients: A guide for nurses and healthcare practitioners (2nd edition)cEdited by Ian Wood and Michelle Garner a2nd edition aWest SussexbWiley-Blackwellc2012 ax, 310 pages: illustrations a30.13 4aACUTE DISEASE--NURSING 3aEMERGENCY NURSING--METHODS 3aCRITICAL CARE--METHODS aGarner, Michelle